| 000 | 02252cam a2200469 a 4500 | ||
|---|---|---|---|
| 999 |
_c57908 _d57908 |
||
| 001 | 15187057 | ||
| 005 | 20210331140746.0 | ||
| 008 | 080220s2007 enk b 001 0 eng | ||
| 010 | _a 2008297260 | ||
| 015 |
_aGBA775125 _2bnb |
||
| 016 | 7 |
_a013950384 _2Uk |
|
| 020 | _a9780521883108 (hbk.) | ||
| 020 | _a0521883105 (hbk.) | ||
| 035 | _a(OCoLC)ocn173238950 | ||
| 040 |
_aUKM _cUKM _dBTCTA _dBAKER _dYDXCP _dC#P _dDLC |
||
| 042 | _alccopycat | ||
| 050 | 0 | 0 |
_aJN30 _b.K35 2007 |
| 080 | _a321.7(4) K-17 | ||
| 082 | 0 | 4 |
_a324.2182094 _222 |
| 100 | 1 |
_aKaiser, Wolfram. _910897 |
|
| 245 | 1 | 0 |
_aChristian democracy and the origins of European Union / _cWolfram Kaiser. |
| 260 |
_aCambridge ; _aNew York : _bCambridge University Press, _c2007. |
||
| 300 |
_axii, 374 p. ; _c24 cm. |
||
| 490 | 0 | _aNew studies in European history | |
| 504 | _aIncludes bibliographical references (p. 326-365) and index. | ||
| 610 | 2 | 0 |
_aEuropean Union _xHistory. _910898 |
| 650 | 0 |
_aPolitical parties _zEurope. _910899 |
|
| 650 | 0 |
_aDemocracy _zEurope. _910900 |
|
| 650 | 0 |
_aDemocracy _xReligious aspects _xChristianity. _910901 |
|
| 651 | 0 |
_aEurope _xPolitics and government _y1989- _910902 |
|
| 653 | _aChristian Democracy And The Origins Of European Union | ||
| 653 | _aქრისტიანულ დემოკრატიას და ევროკავშირის კავშირებს | ||
| 653 | _aХристианская демократия и происхождение Европейского союза | ||
| 856 | 4 | 2 |
_3Contributor biographical information _uhttp://www.loc.gov/catdir/enhancements/fy0811/2008297260-b.html |
| 856 | 4 | 2 |
_3Publisher description _uhttp://www.loc.gov/catdir/enhancements/fy0811/2008297260-d.html |
| 856 | 4 | 1 |
_3Table of contents only _uhttp://www.loc.gov/catdir/enhancements/fy0811/2008297260-t.html |
| 856 | 4 | 2 |
_3Book review (H-Net) _uhttp://www.h-net.org/reviews/showrev.php?id=24868 |
| 856 | 4 | 2 |
_3Book review (H-Net) _uhttp://www.h-net.org/reviews/showrev.php?id=25564 |
| 906 |
_a7 _bcbc _ccopycat _d2 _encip _f20 _gy-gencatlg |
||
| 942 |
_2udc _cBK |
||
| 955 |
_aps09 2008-02-20 z-processor to SSCD _csf15 2008-02-27 _adj25 2008-03-10 additional copy received ; rev. by sf17 2008-04-09 _asb00 2008-09-26 |
||